MTV unleashed : sith graders create music videos based on works of art (Record no. 73078)

MARC details
000 -CABECERA
campo de control de longitud fija 00736nam a2200253 a 4500
005 - FECHA Y HORA DE LA ÚLTIMA TRANSACCIÓN
campo de control 20210219153302.0
008 - ELEMENTOS DE LONGITUD FIJA--INFORMACIÓN GENERAL
campo de control de longitud fija 991125n 000 0 u
035 ## - NÚMERO DE CONTROL DEL SISTEMA
Número de control de sistema UPN01000088549
100 ## - ASIENTO PRINCIPAL--NOMBRE PERSONAL
Nombre de persona BERG, Bryan
222 ## - TÍTULO CLAVE
Título clave TECH-TRENDS:FOR LEADERS IN EDUCATION AND TRAINING
245 ## - MENCIÓN DE TÍTULO
Título MTV unleashed : sith graders create music videos based on works of art
300 ## - DESCRIPCIÓN FÍSICA
Extensión 28-31
362 ## - FECHAS DE PUBLICACIÓN Y/O DESIGNACIÓN SECUENCIAL
Fecha de publicación y/o designación secuencial 1993 Vol. 38, no. 3 (apr.-may.)
653 0# - TERMINO DE INDIZACION - NO CONTROLADO
Término no controlado ARTES VISUALES
653 0# - TERMINO DE INDIZACION - NO CONTROLADO
Término no controlado EDUCACION ARTISTICA
653 0# - TERMINO DE INDIZACION - NO CONTROLADO
Término no controlado EDUCACION PRIMARIA
653 0# - TERMINO DE INDIZACION - NO CONTROLADO
Término no controlado EFECTOS ESPECIALES
653 0# - TERMINO DE INDIZACION - NO CONTROLADO
Término no controlado ENSEÑANZA
653 0# - TERMINO DE INDIZACION - NO CONTROLADO
Término no controlado TECNOLOGIA EDUCATIVA
653 0# - TERMINO DE INDIZACION - NO CONTROLADO
Término no controlado VIDEOS MUSICALES
700 ## - ASIENTO SECUNDARIO--NOMBRE DE PERSONAL
Nombre de persona Turner, Dianne
904 ## - ELEMENTOS DE DATOS D LOCAL, LDD (RLIN)
a AC
b 026360
905 ## - TIPO DE MATERIAL
Tipo de material Articulo

No items available.